| 000 | 01021nam a2200277 i 4500 | ||
|---|---|---|---|
| 001 | 106691 | ||
| 003 | ES-MaACL | ||
| 005 | 20250228144818.0 | ||
| 007 | t| | ||
| 008 | 061218s1971 sp ||||1| spa d | ||
| 080 | _a75 Abad, Francesc (083.82) | ||
| 100 | 1 |
_aAbad, Francesc, _d1944- _917901 |
|
| 245 | 1 | 0 |
_aFrancesc Abad _b: [exposición, Ateneo de Madrid, Sala Joven - Prado 21, marzo 1971] / _c[texto: Daniel Giralt-Miracle]. |
| 260 |
_aMadrid : _bPublicaciones Españolas, _c1971. |
||
| 300 |
_a[8] p. : _bil. ; _c20 cm. |
||
| 490 | 1 |
_aSerie IV, Sala Joven ; _v7 |
|
| 600 | 1 | 4 |
_aAbad, Francesc, _d1944- _917901 |
| 610 | 2 | 7 |
_aAteneo de Madrid- _vExposiciones- _y1970-1979. _91921 |
| 655 | 7 |
_2tgfbne _9193628 _aCatálogos de exposiciones |
|
| 700 | 1 |
_aGiralt-Miracle, Daniel. _957204 |
|
| 710 | 2 |
_aAteneo de Madrid. _bSala Joven (Prado, 21) _91966 |
|
| 830 | 0 |
_aSerie IV, Sala Joven ; _v7 _9185268 |
|
| 852 |
_aES-MaACL _j2211-F-9 _9110744 _bR.138348 _cDEPOF |
||
| 942 |
_2udc _cFOLLETOS |
||
| 999 |
_c106691 _d106691 |
||